Model diagnostického procesu nákladov podniku

Charakteristika diagnostiky podniku. Model diagnostického procesu nákladov podniku Obsah častí modelu diagnostického procesu. Aplikácia modelu diagnostického procesu na skupiny nákladov v členení podľa závislosti od objemu výkonov.

Saved in:
Bibliographic Details
Main Author: Ďurišová, Mária
Format: Book Chapter
Language:Slovak
Subjects:
Tags: Add Tag
No Tags, Be the first to tag this record!

MARC

LEADER 00000naa$a2200000$$$4500
001 0066073
005 20231107071755.3
041 0 |a slo 
044 |a CZ 
245 1 0 |a Model diagnostického procesu nákladov podniku  |c Mária Ďurišová 
520 |a Charakteristika diagnostiky podniku. Model diagnostického procesu nákladov podniku Obsah častí modelu diagnostického procesu. Aplikácia modelu diagnostického procesu na skupiny nákladov v členení podľa závislosti od objemu výkonov. 
610 2 0 |a diagnostika podniková 
610 2 0 |a náklady 
610 2 0 |a modely 
610 2 0 |a podnik 
610 2 0 |a výkony podnikové 
100 1 |a Ďurišová, Mária